000 00405nmm a2200145Ia 4500
008 251105s9999||||xx |||||||||||||||||und||
041 _aspa
100 _aPetti, Lavinia
245 0 _aEl ladrón de niebla
264 _a[Madrid, España] :
_bDuomo ediciones,
_c2016
300 _a444 páginas
650 _aHistorical fiction
856 _uhttps://public.digitaliapublishing.com/a/67993
942 _cCF
999 _c105989
_d105989